000 004850000a22001930004500
005 20120302053445.0
942 _cBOOK
100 _a Kapur,Anup Chand
245 _a Indian political system: Government of the Indian republic
250 _a 11th
260 _aNew Delhi:S.Chand,1982
300 _a456p
040 _aENG
365 _bRs.25.00
650 _aPolitics
650 _aIndian Political System
650 _aIndian Politics
650 _aState Executive-Union-State
999 _c342916
_d342913